Naplniť činmi strategickú líniu strany Z rokovania Západoslovenského krajského výboru KSS

Bibliographic Details
Main Author: (bre) (Author)
Format: Article
Language:Slovak
PhysicalDescription:Obr. 2.
Subjects:

MARC

LEADER 00000nab a2200000 a 4500
001 vtls000057958
003 SK-MaSNL
005 20260305030305.0
008 111103c1980 xo 0 slo
015 |a SNBRB19rr/mm-uuuuu 
035 |a CL0068055 
040 |a SNKBUCL  |b slo  |c SNKBUCL  |e AACR2 
041 0 |a slo 
044 |a xo  |c SK 
080 |a 329.15(437.6)  |2 1981 
100 1 |a (bre)  |4 aut  |9 1002461 
245 1 0 |a Naplniť činmi strategickú líniu strany  |b Z rokovania Západoslovenského krajského výboru KSS  |c (bre) 
300 |b Obr. 2. 
650 0 7 |a KSS KV  |2 snkbucl  |9 1003290 
651 7 |a 5100  |2 snkbucl  |9 166206 
651 7 |a 5200  |2 snkbucl  |9 352126 
651 7 |a Západoslovenský kraj (Slovensko)  |2 snkbucl  |9 161528 
655 7 |a články z novín a časopisov  |2 snkbucl  |9 267496 
773 0 |t Hlas ľudu  |g Roč. 26, č. 108 (8. 5. 1980), s. 1 a 5 
850 |a Slovenská národná knižnica v Martine  |a MTA001 
852 |a SNK  |b KIS3GCP 
958 |a RK 
992 |a RBX 
999 |c 3310529  |d 3312459